| 000 | 00458nam a2200145Ia 4500 | ||
|---|---|---|---|
| 008 | 211109s9999||||xx |||||||||||||| ||und|| | ||
| 082 |
_a519.54 _bGRA-G |
||
| 100 | _aGray, H L | ||
| 245 | 0 | _aGenralized Jackknife Statistic | |
| 260 |
_bMarcel Dekker _aNew York _c1972 |
||
| 300 | _a308p | ||
| 630 | _xGeneral Stack | ||
| 650 |
_a Jackknife (Statistics) _vEstimation theoryStatistics as TopicProbabilities & applied mathematics _xMathematics |
||
| 942 | _cBOOK | ||
| 999 |
_c38325 _d38325 |
||